000 00891nam a2200229Ia 4500
005 20250108125055.0
008 008 250107s9999 xx 000 0 hin d
020 _a978-93-82307-53-2
037 _aTB
040 _aCRL
_bhin
_cCRL
041 _ahin
_2hin
084 _aP15,C:3x4,1:g 111R1
084 _qCRL
100 _aशर्मा, हरिशंकर, ले.
245 0 _aपं. राधेश्याम कथावाचक श्रवण कुमार: नाटक से फिल्म तक
_cशर्मा, हरिशंकर, ले.
260 _aंजयपुर, भारत
_bदीपक प्रकाशन
_c3218
300 _a108पृ0
365 _aINR
_b650
650 _aहिन्दी साहित्यहिन्दी नाटक
942 _cTB
_hP15,C:3x4,1:g 111R1
999 _c1235606
_d1235606